| 000 -LEADER |
| fixed length control field |
01054nam a2200229Ia 4500 |
| 001 - CONTROL NUMBER |
| control field |
16591 |
| 003 - CONTROL NUMBER IDENTIFIER |
| control field |
GE_BSU |
| 008 - FIXED-LENGTH DATA ELEMENTS--GENERAL INFORMATION |
| fixed length control field |
181216s||||||||xx |||||||||||||| ||und|| |
| 040 ## - CATALOGING SOURCE |
| Transcribing agency |
GE_BSU |
| 080 ## - UNIVERSAL DECIMAL CLASSIFICATION NUMBER |
| Universal Decimal Classification number |
821.353.1-1 + 821.353.1-11 + 821.353.1-32 + 821-1 |
| 100 ## - MAIN ENTRY--PERSONAL NAME |
| Personal name |
იაშვილი, პ. |
| 245 ## - TITLE STATEMENT |
| Title |
ლექსები, პოემა, მოთხრობები, თარგმანები |
| 245 ## - TITLE STATEMENT |
| Remainder of title |
[ირ. აბაშიძის შესავ. წერილით] |
| 245 ## - TITLE STATEMENT |
| Statement of responsibility, etc. |
შემდგ.: შ. დემეტრაძე. რედ. ი აბაშიძე. მხ. ი. ჯანაშვილი |
| 260 ## - PUBLICATION, DISTRIBUTION, ETC. |
| Place of publication, distribution, etc. |
თბილისი |
| 260 ## - PUBLICATION, DISTRIBUTION, ETC. |
| Name of publisher, distributor, etc. |
საბჭ. მწერალი |
| 260 ## - PUBLICATION, DISTRIBUTION, ETC. |
| Date of publication, distribution, etc. |
1959 |
| 300 ## - PHYSICAL DESCRIPTION |
| Extent |
496გვ. : 2ფ. პორტრ. და ილ. ; 21სმ |
| 300 ## - PHYSICAL DESCRIPTION |
| Accompanying material |
ბიბლიოგრ. შენიშვნებში. გვ. 483-488 |
| 653 ## - INDEX TERM--UNCONTROLLED |
| Uncontrolled term |
ლექსები, პოემა, მოთხრობები, თარგმანები |
| 942 ## - ADDED ENTRY ELEMENTS (KOHA) |
| Koha item type |
წიგნი |